Điện hoá học

Guardat en:
Dades bibliogràfiques
Autor principal: Nguyễn, Khương
Format: Llibre
Idioma:Undetermined
Publicat: Hà Nội Khoa học Kỹ thuật 1999
Matèries:
Etiquetes: Afegir etiqueta
Sense etiquetes, Sigues el primer a etiquetar aquest registre!
Thư viện lưu trữ: Trung tâm Học liệu Trường Đại học Cần Thơ
LEADER 00525nam a2200193Ia 4500
001 CTU_63182
008 210402s9999 xx 000 0 und d
020 |b 41000 
082 |a 541.37 
082 |b Kh561 
100 |a Nguyễn, Khương 
245 0 |a Điện hoá học 
245 0 |c Nguyễn Khương 
260 |a Hà Nội 
260 |b Khoa học Kỹ thuật 
260 |c 1999 
650 |a Electrochemistry 
904 |i Trúc Phương 
980 |a Trung tâm Học liệu Trường Đại học Cần Thơ